000
00306nam a2200145Ia 4500
100
_a
Mueller / john Paul
250
_a
2
942
_c
BK
654
_a
Computer
245
_a
Visuals C++ 5
260
_b
Tata Mc Graw hill
_a
New Delhi
_c
1997
082
_a
5.133
_b
MUE
300
_a
704
546
_a
ENGLISH
999
_c
27718
_d
27718